00887 2200313 4500001002100000005001500021035002000036007000300056008004100059040001700100100002000117245010800137250001000245300003700255020002200292041000800314082001100322084001700333090002300350260003000373600001400403700002600417850001000443990002400453990002400477990002400501990002400525990002400549INLIS00000000000252520260602072304 a0010-0220000376ta260602 0  aSBPUPADbInd0 aNi Wayan Armini1 aAsuhan Kebidanan :bNonatus, Bayi, Balita dan Anak Prasekolah /cNi Wayan Armini, Editor: Arie Pramesta aEd. 1 axiv, 238 hlm. :billus. ;c23 cm a978-979-29-6336-6 aInd a618.25 a618.25 NIW a a618.25 NIW a 19-1 aYogyakarta :bANDI,c2017 4aKebidanan0 aEditor: Arie Pramesta aPUPAD a33.835/DAK/DPK/2019 a33.837/DAK/DPK/2019 a34.637/DAK/DPK/2019 a33.836/DAK/DPK/2019 a33.836/DAK/DPK/2019